000 00894nam a2200229 a 4500
001 000016874
005 20200929164957.0
008 100312s1995 dr 001 0 spa d
020 _a9879106008
040 _aDO-SdBNP
_bspa
_cBNPHU
082 _axxxx
_bM491c
245 0 4 _aLos medios de comunicación en las sociedades democráticas liberales /
_ccompilador Stanley Rothaman ; prólogo Roger Michener, Edward Shils; traducción María Cillo.
260 _aBuenos Aires :
_bEdiciones Devenir,
_c1995.
300 _a490 p. ;
_c20 cm.
500 _aIncluye referencias bibligráficas del autor en la contracubierta
534 _aTitulo original en inglés
_bThe mass media in liberal democratic societies
700 1 _aShils, edwad
_epról.
_937351
700 1 _aRothman, Stanley
_937352
700 1 _aMicherner, Roger
_epról.
_937353
700 1 _aCillo, María
_etr.
_937354
049 _aBNPD
999 _c16406
_d16406